| 000 | 00703nam a22002057a 4500 | ||
|---|---|---|---|
| 003 | NUST | ||
| 005 | 20240214111726.0 | ||
| 008 | 190626b ||||| |||| 00| 0 eng d | ||
| 038 | _aMr. Zahoor | ||
| 082 | _a670.5 | ||
| 100 |
_aSyed Sajid Raza Zaidi _915596 |
||
| 245 |
_aEffect of Laser Surface Melting on Fatigue Life of Aluminum 6061-T6/ _cSyed Sajid Raza Zaidi |
||
| 260 |
_aIslamabad : _bSMME NUST, _c2017. |
||
| 300 |
_axii, 35p. : ill. ; _c30cm |
||
| 500 | _aHardcover | ||
| 600 |
_2SMME - Design & Manufacture Engineering - Ms Thesis _aSyed Sajid Raza Zaidi _915596 |
||
| 700 |
_aDr Mushtaq Khan _916155 |
||
| 856 | _uhttp://10.250.8.41:8080/xmlui/handle/123456789/10750 | ||
| 942 |
_2ddc _cTHE |
||
| 999 |
_c524804 _d524804 |
||